000 00457nam a2200193Ia 4500
003 0100
008 130303s9999 xx 000 0 und d
040 _cARRUPELIB
050 _aBR128.H5P24 1981
100 _aPanikkar, Raimundo
245 4 _aThe Unknown christ of Hinduism
245 _btowards an ecumenical Christophany
260 _aNew York
260 _bOrbis Books
260 _C1981
300 _a195p.
300 _b 23 cm
942 0 0 _06
999 _c26012
_d26012